Statistics for Words that End in "-cess"

Click here to take the quiz!

General Stats

  • This quiz has been taken 140 times
  • The average score is 4 of 8

Answer Stats

Answer% Correct
Recess
77%
Excess
60%
Access
59%
Success
58%
Process
55%
Abscess
47%
Princess
47%
Precess
10%

Score Distribution

Percentile by Number Answered

Percent of People with Each Score

Your Score History

You have not taken this quiz